| 000 | 00577nam a2200217 4500 | ||
|---|---|---|---|
| 003 | LK-CoMWRAF | ||
| 005 | 20240103104836.0 | ||
| 008 | 230828b |||||||| |||| 00| 0 eng d | ||
| 020 | _a812430159X | ||
| 040 |
_aLK-CoMWRAF _dLK-CoMWRAF _eLK-CoMWRAF |
||
| 041 | _aeng | ||
| 082 |
_a823 _bVIK |
||
| 245 | _aVikas stories for children | ||
| 260 |
_aBombay : _bNavneet publications LTD |
||
| 490 | _aGreen books | ||
| 650 | _aChild Fiction | ||
| 700 |
_aSampat, C. K. _ecomp. _eed. |
||
| 700 |
_aPowell, Cecelia _ecomp. _eed. |
||
| 700 |
_aFernandes, John _eills. |
||
| 942 | _cBK | ||
| 999 |
_c3297 _d3297 |
||